| 000 | 01074cam a2200277 a 4500 | ||
|---|---|---|---|
| 003 | CBULib | ||
| 005 | 20250626134904.0 | ||
| 008 | 111223s2013 moua b 001 0 eng | ||
| 020 | _a9780323083331 (hardcover : alk. paper) | ||
| 040 |
_aDNLM/DLC _cCBULib _dCBULib _bEnglish _erda |
||
| 050 | 0 | 0 | _aRK 501 Hey |
| 100 |
_94648 _aHeyman, Harald O. |
||
| 245 | 0 | 0 |
_aSturdevant's art and science of operative dentistry. _c/ edited by Harald O. Heyman; Edward J. Swift, Jr.; Andre V, Ritter |
| 250 |
_a6th edition _b[edited by] Harald O. Heymann, Edward J. Swift Jr., Andre V. Ritter. |
||
| 260 |
_aSt. Louis, Mo. : _bElsevier/Mosby, _cc2013. |
||
| 300 |
_axv, 548 pages : _billustration (some color) ; |
||
| 336 |
_2rdacontent _aText | _btxt |
||
| 337 |
_2rdamedia _aUnmediated | _bn |
||
| 338 |
_2rdacarrier _aVolume _bnc |
||
| 504 | _aIncludes bibliographical references and index. | ||
| 650 | 1 | 0 |
_aDENTISTRY, OPERATIVE _94649 |
| 700 |
_aSwift, Edward J. _94650 _eeditor |
||
| 700 |
_aRitter, Andre V. _94651 _eeditor |
||
| 700 | 1 | _aSturdevant, Clifford M. | |
| 942 |
_2lcc _c002 |
||
| 999 |
_c85050 _d85050 |
||